Přímé vztahy se sovětskými partnery

Bibliographic Details
Main Authors: Svoboda, Jaroslav (Author), Línková, Eugénie (Author)
Format: Article
Language:Slovak
Czech
Subjects:

MARC

LEADER 00000nab a2200000 a 4500
001 vtls000352044
003 SK-MaSNL
005 20260304075738.0
008 250424c1989 xo 0 slo
015 |a SNBRB19rr/mm-uuuuu 
035 |a CL0352166 
035 |a urn:nbn:sk:snk-ab2p5c 
035 |a (urnnbn)urn:nbn:sk:snk:ar-a02pxs 
035 |a (uuid)312db10e-44b7-43a1-8fad-5d8c33ff2f98 
040 |a SNKBUCL  |b slo  |c SNKBUCL  |e AACR2 
041 0 |a cze 
044 |a xo  |c SK 
080 |a 631.15:338.436  |2 1981 
080 |a 338.436  |2 1981 
100 1 |a Svoboda, Jaroslav  |4 aut  |9 289270 
245 1 0 |a Přímé vztahy se sovětskými partnery  |c Jaroslav Svoboda, Eugénie Línková 
650 0 7 |a poľnohospodárske podniky  |2 snkbucl  |9 4194 
655 7 |a články z novín a časopisov  |2 snkbucl  |9 267496 
700 1 |a Línková, Eugénie  |4 aut  |9 1366402 
773 0 |t Ekonomika poľnohospodárstva  |g Roč. 28, č. 4 (1989), s. 157-158 
850 |a Slovenská národná knižnica 
852 |a Slovenská národná knižnica 
954 |a odborná, vedecká literatúra cudzojazyčná (svetová)  |2 lita 
958 |a article27 
958 |a RK 
958 |a CZ 
958 |a SU 
958 |a OND 
958 |a EUIPO 
992 |a RBX 
999 |c 2783111  |d 2785041